Polányi és az evolúció
Elmentve itt :
| Szerző: | |
|---|---|
| Adatforrás: | Philobibl |
| Forrásdokumentuma: | Polanyiana 16.2007:1-2. p. 9-27. |
| Dokumentumtípus: | Cikk |
| Nyelv: | magyar |
| Kulcsszavak: | Polányi Mihály tudás határfeltétel evolúció |
| LEADER | 00387nab a2200145 c 4500 | ||
|---|---|---|---|
| 001 | bibPHI0035466 | ||
| 005 | 20200924123509.7 | ||
| 008 | 091012s2007 hu hun | ||
| 100 | 1 | |a Paksi Dániel | |
| 245 | 1 | 0 | |a Polányi és az evolúció |c Paksi Dániel |
| 695 | |a Polányi Mihály | ||
| 695 | |a tudás | ||
| 695 | |a határfeltétel | ||
| 695 | |a evolúció | ||
| 773 | 0 | |t Polanyiana |g 16.2007:1-2. p. 9-27. | |